| 000 | 00453nam a2200181Ia 4500 | ||
|---|---|---|---|
| 003 | GCL | ||
| 008 | 140319s9999 xx 000 0 eng d | ||
| 020 | _a1 85649 865 4 | ||
| 040 |
_aGCL / _cGCL |
||
| 082 | 0 | 4 |
_a380.1 _bM H |
| 245 | 1 | 0 | _aHUNGRY FOR TRADE |
| 260 |
_aتايلانــد : _bFERNWOOD PUBLISHING LTD ، _c2000 |
||
| 300 |
_a21 CM ؛ _c180 |
||
| 650 | 0 | 4 | _aBUSINESS |
| 650 | 0 | 4 | _aCOMMERCE |
| 650 | 0 | 4 | _aTRADE ASSOCIATIONS |
| 942 |
_2ddc _cBK |
||
| 999 |
_c1982 _d1982 |
||